00525 2200145 4500001002100000005001500021035002000036007000300056008004100059100002900100245017000129260003500299300001800334651002700352INLIS00000000000060520260413114532 a0010-0426000004ta260413 u ind 0 aAndi Faisal Suddin SP.MP1 aIntegrated Corporattion Of Agricultural Resources Empewerment {I-CARE} Balai Penerapan Moderinisasi Pertanian Sulawesi Selatan KOMPONEN A /cAndi Faisal Suddin SP.MP aMakassar :bBRMP SulSel,c2025 aP.70 :b28 cm 4aLaporan akhir kegiatan